logo

Bir Sreshtho Munshi Abdur Rouf Library
Jhenaidah Cadet College

Excercises in English Composition / (Record no. 7544)

MARC details
000 -LEADER
fixed length control field 00568nam a2200205 a 4500
001 - CONTROL NUMBER
JCCL Control Number 7544
003 - CONTROL NUMBER IDENTIFIER
JCCL marc code BD-JhCC
005 - DATE AND TIME OF LATEST TRANSACTION
control field 20180219103802.0
008 - FIXED-LENGTH DATA ELEMENTS--GENERAL INFORMATION
fixed length control field 180211s1967 ii |||| |||| 000 0 eng d
035 ## - SYSTEM CONTROL NUMBER
system control number (BD-JhCC)
040 ## - CATALOGING SOURCE
Original cataloging agency BD-JhCC
Modifying agency BD-JhCC
041 ## - LANGUAGE CODE
Language code of Book eng
082 ## - DEWEY DECIMAL CLASSIFICATION NUMBER
Classification number 428.2
Author mark and Year 1967
245 ## - TITLE STATEMENT
Title Excercises in English Composition /
Statement of responsibility, etc English Department, Lucknow University
260 ## - PUBLICATION, DISTRIBUTION, ETC. (IMPRINT)
Place of publication, distribution, etc India:
Name of publisher, distributor, etc Oxfor University Press,
Date of publication, distribution, etc 1967
300 ## - PHYSICAL DESCRIPTION
Pagination 183 p;,
Dimensions 20 cm
650 ## - SUBJECT ADDED ENTRY--TOPICAL TERM
Topical term or geographic name as entry element English language
710 ## - ADDED ENTRY--CORPORATE NAME
Corporate name or jurisdiction name as entry element English Department, Lucknow University
942 ## - ADDED ENTRY ELEMENTS (KOHA)
Source of classification or shelving scheme Dewey Decimal Classification
Koha item type Books
Holdings
Source of classification or shelving scheme Damaged status Not for loan Home library Current library Shelving location Date of accession Total Checkouts Full call number Barcode Date last seen Copy number Koha item type
Dewey Decimal Classification     JCC Rouf Library JCC Rouf Library General Stacks 02/11/2018   428.2 EXE 1967 10038 02/11/2018 C-1 Books

JCC Library | Contacts | JCC Home

Last Update on 23 September 2017
Copyright @ 2017-2020 JCC Rouf Library
Rouf Library, Jhenidah Cadet College (JCC), Bangladesh